Meranie a hodnotenie výkonnosti vo vybranom podniku (napr. v agropodniku) diplomová práca

Na minha lista:
Detalhes bibliográficos
Autor principal: Kasanová, Danica
Autor Corporativo: Fakulta podnikového manažmentu EU. Katedra podnikovohospodárska
Outros Autores: Foltínová, Alžbeta
Formato: Livro
Idioma:eslovaco
Publicado em: Bratislava 2012
Tags: Adicionar Tag
Sem tags, seja o primeiro a adicionar uma tag!

MARC

LEADER 00000nbm a2200000 4500
001 0153938
005 20161109102127.5
041 0 |a slo 
044 |a SK 
245 1 0 |a Meranie a hodnotenie výkonnosti vo vybranom podniku (napr. v agropodniku)  |b diplomová práca  |c Danica Kasanová ; školiteľ: Alžbeta Foltínová 
264 1 |a Bratislava  |c 2012 
300 |a 1 s. 
100 1 |a Kasanová, Danica 
700 1 |a Foltínová, Alžbeta 
710 2 |a Fakulta podnikového manažmentu EU. Katedra podnikovohospodárska